Cuentos impopulares / (Record no. 94933)

MARC details
000 -LEADER
campo de control de longitud fija 00666nam a2200217 i 4500
001 - NÚMERO DE CONTROL
campo de control 94933
003 - IDENTIFICADOR DE NÚMERO DE CONTROL
campo de control ES-MaACL
005 - FECHA Y HORA DE LA ÚLTIMA TRANSACCIÓN
campo de control 20250813062717.0
007 - CAMPO FIJO DE DESCRIPCIÓN FÍSICA--INFORMACIÓN GENERAL
campo de control de longitud fija t|
008 - DATOS DE LONGITUD FIJA--INFORMACIÓN GENERAL
campo de control de longitud fija 050518s1982 sp ||||1| spa d
100 1# - ENTRADA PRINCIPAL--NOMBRE DE PERSONA
Nombre de persona Luis, Agustina Bessa.
9 (RLIN) 184344
245 10 - MENCIÓN DEL TÍTULO
Título Cuentos impopulares /
Mención de responsabilidad, etc. Agustina Bessa Luis; [traducción: María Fernanda de Abreu y Jorge A. Andrade].
260 ## - PUBLICACIÓN, DISTRIBUCIÓN, ETC.
Lugar de publicación, distribución, etc. Madrid :
Nombre del editor, distribuidor, etc. Alianza,
Fecha de publicación, distribución, etc. 1982.
300 ## - DESCRIPCIÓN FÍSICA
Extensión 245 p. ;
Dimensiones 20 cm.
490 1# - MENCIÓN DE SERIE
Mención de serie Alianza tres ;
Designación de volumen o secuencia 94
700 1# - ENTRADA AGREGADA--NOMBRE PERSONAL
Nombre de persona Abréu, María Fernanda de,
9 (RLIN) 18155
700 1# - ENTRADA AGREGADA--NOMBRE PERSONAL
Nombre de persona Andrade, Jorge A.
9 (RLIN) 21510
830 00 - PUNTO DE ACCESO ADICIONAL DE SERIE-TÍTULO UNIFORME
Título uniforme Alianza tres
Designación de volumen o secuencia 94
9 (RLIN) 177344
852 ## - LOCALIZACIÓN
Ubicación ES-MaACL
Número de control de estantería L-3487
Holdings
Estatus retirado Estado de pérdida Estado de daño No para préstamo Biblioteca de origen Biblioteca actual Ubicación en estantería Fecha de adquisición Fuente de adquisición Total de préstamos Signatura topográfica completa Código de barras Visto por última vez Precio de reemplazo Tipo de ítem Koha
        Biblioteca del Ateneo de Madrid Biblioteca del Ateneo de Madrid Depósito 2 17/01/2008     L-3487 1099138 23/02/2023 23/02/2023 Libro impreso